Toán cao cấp Dùng cho sinh viên các ngành kinh tế và quản trị kinh doanh T.1 Đại số tuyến tính
Trình bày lý thuyết và bài tập về đại số tuyến tính, ma trận và định thức, hệ phương trình tuyến tính, không gian vectơ và dạng toàn phương
שמור ב:
| מחבר ראשי: | |
|---|---|
| פורמט: | ספר |
| שפה: | Vietnamese |
| יצא לאור: |
H.
Giáo dục
2010
|
| מהדורה: | Tái bản lần thứ 1 |
| נושאים: | |
| תגים: |
הוספת תג
אין תגיות, היה/י הראשונ/ה לתייג את הרשומה!
|
| Thư viện lưu trữ: | Mạng thư viện Đại học Đà Nẵng |
|---|
| LEADER | 01606aam a22003858a 4500 | ||
|---|---|---|---|
| 001 | 000016429 | ||
| 003 | 12831 | ||
| 005 | 20121102081109.0 | ||
| 008 | 121102s2010 viesd | ||
| 020 | |c 19000đ |d 2000b | ||
| 041 | 0 | |a vie | |
| 082 | 1 | 4 | |2 14 |a 512.5 |b NG-H |
| 100 | 1 | |a Nguyễn Huy Hoàng | |
| 245 | 1 | 0 | |a Toán cao cấp |b Dùng cho sinh viên các ngành kinh tế và quản trị kinh doanh |c Nguyễn Huy Hoàng |n T.1 |p Đại số tuyến tính |
| 250 | |a Tái bản lần thứ 1 | ||
| 260 | |a H. |b Giáo dục |c 2010 | ||
| 300 | |a 135tr. |b bảng |c 24cm | ||
| 504 | |a Thư mục: tr. 132 | ||
| 520 | |a Trình bày lý thuyết và bài tập về đại số tuyến tính, ma trận và định thức, hệ phương trình tuyến tính, không gian vectơ và dạng toàn phương | ||
| 650 | 7 | |2 Bộ TK TVQG |a Bài tập | |
| 650 | 7 | |2 Bộ TK TVQG |a Lí thuyết | |
| 650 | 7 | |2 Bộ TK TVQG |a Đại số tuyến tính | |
| 650 | 7 | |2 Bộ TK TVQG |a Toán cao cấp | |
| 773 | |b Tái bản lần thứ nhất |d H. |d Giáo dục |t Toán cao cấp |w 434884 | ||
| 773 | |b tái bản lần 1 |d Giáo dục |d H. |d 2010 |t Toán cao cấp |w 12832 | ||
| OWN | |a LSP | ||
| AVA | |a UDN50 |b LSP |d 512.5 NG-H |e check_holdings |t Error 5003 Not defined in file expand_doc_bib_avail. |h N |k 1 | ||
| 999 | |a From the UDN01 | ||
| AVA | |a UDN50 |b LSP |d 512.5 NG-H |e available |t Error 5001 Not defined in file expand_doc_bib_avail. |f 30 |g 1 |h N |i 6 |k 1 | ||
| TYP | |a Monograph | ||
| TYP | |a Printed language | ||
| 980 | |a Mạng thư viện Đại học Đà Nẵng | ||